Tarifas de la licencia fiscal del impuesto industrial (Record no. 128655)

MARC details
000 -LEADER
campo de control de longitud fija 00496nam a2200157 i 4500
001 - NÚMERO DE CONTROL
campo de control 128655
003 - IDENTIFICADOR DE NÚMERO DE CONTROL
campo de control ES-MaACL
005 - FECHA Y HORA DE LA ÚLTIMA TRANSACCIÓN
campo de control 20230906193333.0
007 - CAMPO FIJO DE DESCRIPCIÓN FÍSICA--INFORMACIÓN GENERAL
campo de control de longitud fija t|
008 - DATOS DE LONGITUD FIJA--INFORMACIÓN GENERAL
campo de control de longitud fija 070521s1974 sp ||||1| spa d
245 00 - MENCIÓN DEL TÍTULO
Título Tarifas de la licencia fiscal del impuesto industrial
Resto del título : (Orden de 6 de junio de 1974).
260 ## - PUBLICACIÓN, DISTRIBUCIÓN, ETC.
Lugar de publicación, distribución, etc. [Madrid :
Nombre del editor, distribuidor, etc. Boletín Oficial del Estado,
Fecha de publicación, distribución, etc. 1974]
300 ## - DESCRIPCIÓN FÍSICA
Extensión 349 p. ;
Dimensiones 21 cm.
650 #4 - PUNTO DE ACCESO ADICIONAL DE MATERIA--TÉRMINO DE MATERIA
Término de materia o nombre geográfico como elemento de entrada Impuesto industrial-
Subdivisión geográfica España.
9 (RLIN) 153889
852 ## - LOCALIZACIÓN
Ubicación ES-MaACL
Número de control de estantería E-5600
Sublocalización o colección R.89994
Holdings
Estatus retirado Estado de pérdida Estado de daño No para préstamo Biblioteca de origen Biblioteca actual Ubicación en estantería Fecha de adquisición Fuente de adquisición Total de préstamos Signatura topográfica completa Código de barras Visto por última vez Precio de reemplazo Tipo de ítem Koha
        Biblioteca del Ateneo de Madrid Biblioteca del Ateneo de Madrid Depósito 2 17/01/2008     E-5600 1133987 23/02/2023 23/02/2023 Libro impreso